000 02210nam a2200385 c 4500
003 BLK
005 20180422104619.0
008 180408b bul|||||r ||||||| ||bul||
010 _aKNG00095198000
020 _a954-9412-08-3
_bиздат.: Бит и техника
020 _a978-954-9412-08-6
_bиздат.: Бит и техника
040 _aBLK
041 _aBUL
_cBUL
080 _aСпециално обучение като елемент на общообразователното обучение - Обучение по техника, домакинство, селско стопанство и др.
_b373.6
_x(075.2)
_z373.6(075.2)
100 1 _aНиколова, Тодорка Николова
_eпърви автор
_9364727
700 1 _aГърневска, Силвия Маркова
_e*
_9303701
700 1 _aАнаниева, Светла Костова
_e*
_9373498
700 1 _aАнаниев, Валентин Георгиев
_e*
_9373497
139 _aДомашна техника и икономика за V клас
_bД 76
245 1 0 _aДомашна техника и икономика за V клас
_cТодорка Николова Николова; * Силвия Маркова Гърневска; * Светла Костова Ананиева; * Валентин Георгиев Ананиев.
257 _aBGR
260 Варна
_bБит и техника
_c2006
_fВарна : Хеликс Прес
300 _a92 с.
_bс цв. ил., табл.
_c29 см
380 _a3
500 _aДруги авт.: С. М. Гърневска, Св. К. Ананиева, В. Г. Ананиев. - Съдържа и Отговори. - Одобрен със заповед РД 09-638/19.07.2006 на МОН. - Офс. изд.
650 4 _aТрудово обучение - учебници за основни училища
_9246771
653 _aтрудово обучение
653 _aучебници за основни училища
653 _aV кл.
852 _aЦб ІІ 16154
856 4 _qpdf
_u
856 4 _qpdf
_u
942 _cKNG
_n0
944 _aCR
_c08.04.2010
_lф /
_kВиолета_Тройчева
944 _aED
_c09.06.2016
_lф /
_kЛюдмила_Стоянова
999 _c90456
_d90456